Loading...

Acquisition of language among children (A sociolinguistic study)

Bibliographic Details
Main Author: Dileep Kumar, M.
Format: Ph.D Thesis
Published: Trivandrum Department of Lingustics, University of kerala 1974
Subjects:
LEADER 00612nam a2200181 4500
020
082 |a 407 SYA 
100 |a Dileep Kumar, M. 
245 |a Acquisition of language among children (A sociolinguistic study)  |h ENGLISH 
250
260 |a Trivandrum  |b Department of Lingustics, University of kerala  |c 1974 
300 |a 197 P  |f Book 
500 |a MA 
650 |a Acquisition of language among children (A sociolinguistic study) 
700
942 |c THES 
999 |c 270360  |d 270360 
952 |0 0  |1 0  |4 0  |6 407_000000000000000_SYA  |7 0  |9 287077  |a LIN  |b LIN  |d 2009-04-22  |l 0  |o 407 SYA  |p LINTT89  |r 2020-02-06  |w 2020-02-06  |y THES